00665cam a2200229 a 450000100060000000300080000600500170001400800410003103500190007204000310009104100080012208200210013010000200015124500790017125000120025026000450026230000240030750400510033165000170038265000150039965000210041436201BD-RjUL20211209052441.0140618s19461936enk b 001 0 eng d a(BD-RjUL)36298 aKSUbengcBD-RjULdBD-RjUL aeng a323.6bWIC 19461 aWillatt, Col. J10aCitizenship : The responsibilities and privileges of the indian citizen / a4th ed. aOxford :bOxford Unversity Press,c1946. avi, 184 p. ;c20 cm aIncludes bibliography: p. [223]-227 and index. 0aCitizenship. 0aState, The 0aPolitical ethics